|
|
|
|
| LEADER |
02178cas a2200253 a 4500 |
| 001 |
AALejournalIMF009639 |
| 008 |
230101c9999 xx r poo 0 0eng d |
| 020 |
|
|
|c 5.00 USD
|
| 020 |
|
|
|z 9781451868258
|
| 022 |
|
|
|a 1018-5941
|
| 040 |
|
|
|a BD-DhAAL
|c BD-DhAAL
|
| 100 |
1 |
|
|a Ganguly, Srideep.
|
| 245 |
1 |
0 |
|a Financial Linkages Between the U.S. and Latin America :
|b Evidence from Daily Data /
|c Srideep Ganguly, Roberto Benelli.
|
| 264 |
|
1 |
|a Washington, D.C. :
|b International Monetary Fund,
|c 2007.
|
| 300 |
|
|
|a 1 online resource (35 pages)
|
| 490 |
1 |
|
|a IMF Working Papers
|
| 500 |
|
|
|a <strong>Off-Campus Access:</strong> No User ID or Password Required
|
| 500 |
|
|
|a <strong>On-Campus Access:</strong> No User ID or Password Required
|
| 506 |
|
|
|a Electronic access restricted to authorized BRAC University faculty, staff and students
|
| 520 |
3 |
|
|a Motivated by recent bursts of global financial market turbulence, this paper investigates the linkages between the financial markets in the United States and those of the seven largest Latin American economies, focusing on the impact of shocks originating in the U.S. stock, bond, and currency markets. After documenting that cross-country linkages were different in "tranquil" and "turbulent" times within our sample, we find that: (i) for stock markets, recent episodes of market turbulence stood out from preceding ones as they showed an increased sensitivity of Latin American markets to U.S. shocks, reversing a trend of weakening linkages; (ii) currency markets in Latin America exhibited a decrease in cross-market linkages with the U.S. during the last episodes of volatility, consistent with increased exchange rate flexibility in the region; and (iii) the external bond markets in Latin America remained on a trend of weakening linkages with U.S. corporate bonds, while they increased their sensitivity to movements in other emerging market bond markets.
|
| 538 |
|
|
|a Mode of access: Internet
|
| 700 |
1 |
|
|a Benelli, Roberto.
|
| 830 |
|
0 |
|a IMF Working Papers; Working Paper ;
|v No. 2007/262
|
| 856 |
4 |
0 |
|z Full text available on IMF
|u http://elibrary.imf.org/view/journals/001/2007/262/001.2007.issue-262-en.xml
|z IMF e-Library
|